الرئيس : (Record no. 14649)

MARC details
000 -الفاتح
حقل البيانات ثابتة الطول 00941nam a22001937a 4500
008 - عناصر البيانات ثابتة الطول - معلومات عامة
حقل البيانات ثابتة الطول 100809s2003 xxu||||| |||| 00| 0 ara d
082 ## - رقم تصنيف ديوى العشرى
رقم الطبعة 22
رقم التصنيف 350.101
رقم المادة ش ا ي
100 1# - المدخل الرئيسى - إسم شخصى
9 (RLIN) 17307
الإسم الشخصى الشايب ، أحمد
245 ## - بيان العنوان
العنوان الرئيس :
بقية العنوان دور .. له جذور /
بيان المسئوليه,etc أحمد الشايب
250 ## - بيان الطبعة
بيان الطبعة ط 8.
260 ## - PUBLICATION, DISTRIBUTION, ETC. (IMPRINT)
مكان الناشر او الموزع القاهرة :
اسم الناشر او الموزع مطابع الاهرام التجارية :
تاريخ النشر أو التوزيع 2003.
300 ## - الوصف المادى
التعداد 512 ص ؛
تفاصيل ماديه اخرى للوعاء صور :
أبعاد الوعاء 24 سم.
541 ## - تبصرة المصدر المباشر للتزويد
مصدر التزويد ألف باء ؛
طريقة التزويد شراء ؛
650 ## - المدخل الاضافى بالموضوع-مصطلح موضوعى
9 (RLIN) 17309
مصطلح موضوعي أو اسم جغرافي كعنصر مدخل مبارك وقضايا المجتمع
650 ## - المدخل الاضافى بالموضوع-مصطلح موضوعى
9 (RLIN) 17310
مصطلح موضوعي أو اسم جغرافي كعنصر مدخل مبارك والتيارات السياسية
942 ## - عناصر المدخل الإضافي( كوها)
مصدر التصنيف او مخطط الترفيف Dewey Decimal Classification
Koha [default] item type Book - Borrowing
Holdings
حالة التراجع حالة الفقد مصدر التصنيف او خطة الترفيف حالة تلف ليس للاعارة مجموعات كوها المكان الدائم المكان الحالي موقع الترفيف تاريخ الاكتساب Source of acquisition رقم الاستدعاء الباركود Date last seen نوع الوعاء
    Dewey Decimal Classification     Alef-Baa Central Library Central Library First floor 09/08/2010   350.101 ش ا ي 000021686 15/07/2025 Book - Borrowing
    Dewey Decimal Classification     Alef-Baa Central Library Central Library First floor 18/08/2011   350.101 ش ا ي 000024108 15/07/2025 Book - Borrowing